书目信息 |
| 题名: |
食品中添加剂的分析方法
|
|
| 作者: | ;马家骧 译 ;日本厚生省环境卫生局食品化学课 编 | |
| 分册: | ||
| 出版信息: | 北京 中国铁道出版社 1988.2 |
|
| 页数: | 656页 | |
| 开本: | 20厘米 | |
| 丛书名: | ||
| 单 册: | ||
| 中图分类: | TS202.9 | |
| 科图分类: | ||
| 主题词: | ||
| 电子资源: | ||
| ISBN: | 978-7-5066-0002-6 | |
| 000 | 00768cam0 2200217 450 | |
| 001 | 0100276405 | |
| 005 | 20060518152536.0 | |
| 010 | @a978-7-5066-0002-6@dCNY6.95 | |
| 100 | @a19901121d1988 m y0chiy0110 ea | |
| 101 | 1 | @achi@cjpn |
| 102 | @aCN@b110000 | |
| 105 | @ay z 000yy | |
| 106 | @ar | |
| 200 | 1 | @a食品中添加剂的分析方法@9Shi;Si Pin Zhong Tian Jia Ji De;Di Fen Xi Fang Fa @f日本厚生省环境卫生局食品化学课编@g马家骧等译@b专著 |
| 210 | @a北京@c中国铁道出版社@d1988.2 | |
| 215 | @a656页@d20厘米 | |
| 690 | @aTS202.9@v1980 | |
| 702 | 0 | @a马家骧@9ma jia xiang@4译 |
| 711 | 02 | @a日本厚生省环境卫生局食品化学课@9ri ben hou sheng sheng huan jing wei sheng ju shi pin hua xue ke@4编 |
| 801 | 0 | @aCN@bAiZhiMarc@c19901121 |
| 905 | @aBZT@dTS202.9@e3@f2@sTS202.9/3 | |
| 食品中添加剂的分析方法/日本厚生省环境卫生局食品化学课编/马家骧等译.-北京:中国铁道出版社,1988.2 |
| 656页;20厘米 |
| ISBN 978-7-5066-0002-6:CNY6.95 |
| ● |
| 相关链接 |
|
|
|
正题名:食品中添加剂的分析方法
索取号:TS202.9/3
 
预约/预借
| 序号 | 登录号 | 条形码 | 馆藏地/架位号 | 状态 | 备注 |
| 1 | 2000110685 | 2000110685 | 旧书回溯/ [索取号:TS202.9/3] | 在馆 | |
| 2 | 2000110734 | 2000110734 | 旧书回溯/ [索取号:TS202.9/3] | 在馆 |